MARC details
| 000 -LEADER |
| fixed length control field |
01953cam a2200553 4500 |
| 001 - CONTROL NUMBER |
| control field |
21569 |
| 003 - CONTROL NUMBER IDENTIFIER |
| control field |
VRT |
| 005 - DATE AND TIME OF LATEST TRANSACTION |
| control field |
20260305090115.0 |
| 008 - FIXED-LENGTH DATA ELEMENTS--GENERAL INFORMATION |
| fixed length control field |
180425s2018 xo a a 000 0 slo |
| 015 ## - NATIONAL BIBLIOGRAPHY NUMBER |
| National bibliography number |
SNBA2018/12 |
| 020 ## - INTERNATIONAL STANDARD BOOK NUMBER |
| International Standard Book Number |
9788056702055 (viazané) |
| 039 #9 - LEVEL OF BIBLIOGRAPHIC CONTROL AND CODING DETAIL [OBSOLETE] |
| Level of rules in bibliographic description |
202201201858 |
| Level of effort used to assign nonsubject heading access points |
AUTHORITY |
| Level of effort used to assign subject headings |
201911210806 |
| Level of effort used to assign classification |
AUTHORITY |
| Level of effort used to assign subject headings |
201812031648 |
| Level of effort used to assign classification |
msnk18 |
| Level of effort used to assign subject headings |
201812031637 |
| Level of effort used to assign classification |
msnk18 |
| 040 ## - CATALOGING SOURCE |
| Original cataloging agency |
POKPOH |
| Language of cataloging |
slo |
| Transcribing agency |
POKPOH |
| Modifying agency |
SNK |
| Description conventions |
rda |
| 041 1# - LANGUAGE CODE |
| Language code of text/sound track or separate title |
slo |
| Language code of original |
eng |
| 044 ## - COUNTRY OF PUBLISHING/PRODUCING ENTITY CODE |
| MARC country code |
xo |
| ISO country code |
SK |
| 072 #7 - SUBJECT CATEGORY CODE |
| Subject category code |
59 |
| Subject category code subdivision |
Zoológia |
| Source |
konspekt |
| 072 #7 - SUBJECT CATEGORY CODE |
| Subject category code |
0/9-053.2 |
| Subject category code subdivision |
Literatúra pre deti a mládež (náučná) |
| Source |
konspekt |
| 080 ## - UNIVERSAL DECIMAL CLASSIFICATION NUMBER |
| Universal Decimal Classification number |
595.76 |
| Edition identifier |
2011 |
| 080 ## - UNIVERSAL DECIMAL CLASSIFICATION NUMBER |
| Universal Decimal Classification number |
(0.053.2) |
| Edition identifier |
2011 |
| 080 ## - UNIVERSAL DECIMAL CLASSIFICATION NUMBER |
| Universal Decimal Classification number |
(084.11) |
| Edition identifier |
2011 |
| 130 0# - MAIN ENTRY--UNIFORM TITLE |
| Uniform title |
Little Explorers - The Bugs |
| Language of a work |
Slovensky |
| 245 10 - TITLE STATEMENT |
| Title |
Chrobáky |
| Statement of responsibility, etc. |
preklad: Jitka Madarásová |
| 250 ## - EDITION STATEMENT |
| Edition statement |
Prvé slovenské vydanie |
| 264 #1 - PRODUCTION, PUBLICATION, DISTRIBUTION, MANUFACTURE, AND COPYRIGHT NOTICE |
| Place of production, publication, distribution, manufacture |
Bratislava |
| Name of producer, publisher, distributor, manufacturer |
Svojtka & Co., s.r.o. |
| Date of production, publication, distribution, manufacture, or copyright notice |
2018 |
| 300 ## - PHYSICAL DESCRIPTION |
| Extent |
16 nečíslovaných strán |
| Other physical details |
farebné ilustrácie |
| Dimensions |
23 cm |
| 336 ## - CONTENT TYPE |
| Content type term |
text |
| Content type code |
txt |
| Source |
rdacontent |
| 336 ## - CONTENT TYPE |
| Content type term |
statický obraz |
| Content type code |
sti |
| Source |
rdacontent |
| 337 ## - MEDIA TYPE |
| Media type term |
bez média |
| Media type code |
n |
| Source |
rdamedia |
| 338 ## - CARRIER TYPE |
| Carrier type term |
zväzok |
| Carrier type code |
nc |
| Source |
rdacarrier |
| 490 1# - SERIES STATEMENT |
| Series statement |
Malý prieskumník |
| 500 ## - GENERAL NOTE |
| General note |
Kartónové listy s odklápacími okienkami |
| 500 ## - GENERAL NOTE |
| General note |
Preložené z anglického vydania |
| 500 ## - GENERAL NOTE |
| General note |
Názov z obálky |
| 521 8# - TARGET AUDIENCE NOTE |
| Target audience note |
Pre deti od 3 rokov |
| 650 07 - SUBJECT ADDED ENTRY--TOPICAL TERM |
| Topical term or geographic name entry element |
chrobáky |
| Source of heading or term |
SNKPH |
| 650 07 - SUBJECT ADDED ENTRY--TOPICAL TERM |
| Topical term or geographic name entry element |
Beetles |
| Source of heading or term |
SNKPHeng |
| 655 #7 - INDEX TERM--GENRE/FORM |
| Genre/form data or focus term |
publikácie pre deti |
| Source of term |
SNKPH |
| 655 #7 - INDEX TERM--GENRE/FORM |
| Genre/form data or focus term |
obrazové publikácie |
| Source of term |
SNKPH |
| 655 #7 - INDEX TERM--GENRE/FORM |
| Genre/form data or focus term |
Children's literature |
| Source of term |
SNKPHeng |
| 655 #7 - INDEX TERM--GENRE/FORM |
| Genre/form data or focus term |
Pictorial works |
| Source of term |
SNKPHeng |
| 700 1# - ADDED ENTRY--PERSONAL NAME |
| Personal name |
Madarásová, Jitka |
| Relationship |
trl |
| 830 #0 - SERIES ADDED ENTRY--UNIFORM TITLE |
| Uniform title |
Malý prieskumník |
| 910 ## - USER-OPTION DATA (OCLC) |
| User-option data |
978-80-567-0205-5 |
| 942 ## - ADDED ENTRY ELEMENTS (KOHA) |
| Source of classification or shelving scheme |
Dewey Decimal Classification |
| Koha item type |
Odborná literatúra pre deti |
| Suppress in OPAC |
No |
| 949 ## - LOCAL PROCESSING INFORMATION (OCLC) |
| 6 |
17A1350322 |
| a |
snkOSC 28576 |
| b |
snk2018/25306 |
| o |
2358/18 |
| 949 ## - LOCAL PROCESSING INFORMATION (OCLC) |
| 6 |
17A1350323 |
| a |
snkOSC 28576 D1 |
| b |
snk2018/25307 |
| o |
2358/18 |
| 949 ## - LOCAL PROCESSING INFORMATION (OCLC) |
| 6 |
2889343288 |
| a |
savukPV 26911 |
| b |
savuk2018/4014 |
| 949 ## - LOCAL PROCESSING INFORMATION (OCLC) |
| 6 |
270001000598927 |
| a |
svkbbB 58979 |
| b |
svkbbm 779969 |